00346nam a2200133 a 45000010010000000030011000100080041000210350026000620820014000881000019001022450027001212600046001486500018001940000-8580ELIB.Books110520 1977  a(ELIB.Books)0000-8726 a225 bBri aBridge, Donald aThe Water that divides bDowners Grove: Inter Varsity Press c1977 aNew Testament